<?xml version="1.0" encoding="UTF-8"?>
<record
    xmlns:xsi="http://www.w3.org/2001/XMLSchema-instance"
    xsi:schemaLocation="http://www.loc.gov/MARC21/slim http://www.loc.gov/standards/marcxml/schema/MARC21slim.xsd"
    xmlns="http://www.loc.gov/MARC21/slim">

  <leader>00641nam a22002417a 4500</leader>
  <controlfield tag="008">240723b        |||||||| |||| 00| 0 eng d</controlfield>
  <datafield tag="017" ind1=" " ind2=" ">
    <subfield code="a">LD.0301</subfield>
  </datafield>
  <datafield tag="018" ind1=" " ind2=" ">
    <subfield code="a">2024</subfield>
  </datafield>
  <datafield tag="020" ind1=" " ind2=" ">
    <subfield code="a">9789789787865</subfield>
  </datafield>
  <datafield tag="040" ind1=" " ind2=" ">
    <subfield code="a">NLN</subfield>
    <subfield code="b">English</subfield>
    <subfield code="e">AACR2</subfield>
  </datafield>
  <datafield tag="050" ind1=" " ind2=" ">
    <subfield code="a">BF575.G7</subfield>
    <subfield code="b">R161</subfield>
  </datafield>
  <datafield tag="082" ind1=" " ind2=" ">
    <subfield code="a">155.937</subfield>
  </datafield>
  <datafield tag="100" ind1=" " ind2=" ">
    <subfield code="a">RAJI, Rasheedah</subfield>
    <subfield code="e">aut</subfield>
    <subfield code="9">57305</subfield>
  </datafield>
  <datafield tag="245" ind1=" " ind2=" ">
    <subfield code="a">I remember your smile /</subfield>
    <subfield code="b">Rasheedah Raji</subfield>
  </datafield>
  <datafield tag="260" ind1=" " ind2=" ">
    <subfield code="a">[S.L]:</subfield>
    <subfield code="b">Raji Publications,</subfield>
    <subfield code="c">2023</subfield>
  </datafield>
  <datafield tag="300" ind1=" " ind2=" ">
    <subfield code="a">VX, 108P.;</subfield>
    <subfield code="b">22cm.</subfield>
  </datafield>
  <datafield tag="563" ind1=" " ind2=" ">
    <subfield code="a">(pbk)</subfield>
  </datafield>
  <datafield tag="650" ind1=" " ind2=" ">
    <subfield code="a">Grief</subfield>
    <subfield code="9">57306</subfield>
  </datafield>
  <datafield tag="650" ind1=" " ind2=" ">
    <subfield code="a">Grief</subfield>
    <subfield code="v">Fiction</subfield>
    <subfield code="9">57307</subfield>
  </datafield>
  <datafield tag="650" ind1=" " ind2=" ">
    <subfield code="a">Bereavement</subfield>
    <subfield code="v">Fiction</subfield>
    <subfield code="9">57308</subfield>
  </datafield>
  <datafield tag="650" ind1=" " ind2=" ">
    <subfield code="a">Cancer</subfield>
    <subfield code="9">3554</subfield>
  </datafield>
  <datafield tag="942" ind1=" " ind2=" ">
    <subfield code="c">BK</subfield>
    <subfield code="n">0</subfield>
  </datafield>
  <datafield tag="999" ind1=" " ind2=" ">
    <subfield code="c">30603</subfield>
    <subfield code="d">30603</subfield>
  </datafield>
  <datafield tag="952" ind1=" " ind2=" ">
    <subfield code="0">0</subfield>
    <subfield code="1">0</subfield>
    <subfield code="2">lcc</subfield>
    <subfield code="4">0</subfield>
    <subfield code="7">0</subfield>
    <subfield code="a">ILO</subfield>
    <subfield code="b">MAIN</subfield>
    <subfield code="d">2024-07-23</subfield>
    <subfield code="e">Legal deposit</subfield>
    <subfield code="i">443767</subfield>
    <subfield code="l">0</subfield>
    <subfield code="o">BF575.G7 R161</subfield>
    <subfield code="p">443767</subfield>
    <subfield code="r">2024-07-23 00:00:00</subfield>
    <subfield code="t">1</subfield>
    <subfield code="w">2024-07-23</subfield>
    <subfield code="y">BK</subfield>
  </datafield>
  <datafield tag="952" ind1=" " ind2=" ">
    <subfield code="0">0</subfield>
    <subfield code="1">0</subfield>
    <subfield code="2">lcc</subfield>
    <subfield code="4">0</subfield>
    <subfield code="7">0</subfield>
    <subfield code="a">CAL</subfield>
    <subfield code="b">MAIN</subfield>
    <subfield code="d">2024-07-23</subfield>
    <subfield code="e">Legal deposit</subfield>
    <subfield code="i">443766</subfield>
    <subfield code="l">0</subfield>
    <subfield code="o">BF575.G7 R161</subfield>
    <subfield code="p">443766</subfield>
    <subfield code="r">2024-07-23 00:00:00</subfield>
    <subfield code="t">1</subfield>
    <subfield code="w">2024-07-23</subfield>
    <subfield code="y">BK</subfield>
  </datafield>
  <datafield tag="952" ind1=" " ind2=" ">
    <subfield code="0">0</subfield>
    <subfield code="1">0</subfield>
    <subfield code="2">lcc</subfield>
    <subfield code="4">0</subfield>
    <subfield code="7">0</subfield>
    <subfield code="a">UMU</subfield>
    <subfield code="b">MAIN</subfield>
    <subfield code="d">2024-07-23</subfield>
    <subfield code="e">Legal deposit</subfield>
    <subfield code="i">443765</subfield>
    <subfield code="l">0</subfield>
    <subfield code="o">BF575.G7 R161</subfield>
    <subfield code="p">443765</subfield>
    <subfield code="r">2024-07-23 00:00:00</subfield>
    <subfield code="t">1</subfield>
    <subfield code="w">2024-07-23</subfield>
    <subfield code="y">BK</subfield>
  </datafield>
</record>
